Statistics for Kirby Characters Quiz

Click here to take the quiz!

General Stats

  • This quiz has been taken 15 times
  • The average score is 6 of 12

Answer Stats

Answer% Correct
King Dedede
100%
Bandana Waddle Dee
82%
Morpho Knight
82%
Galacta Knight
73%
Magolor
64%
Queen Sectonia
64%
Blade Knight
36%
Blipper
36%
Ax Knight
18%
Boboo
18%
Bombar
18%
Beadrix
9%

Score Distribution

Percentile by Number Answered

Percent of People with Each Score

Your Score History

You have not taken this quiz